Narcotráfico, financiación política y corrupción (Registro nro. 161427)
[ vista simple ]
| 000 -LEADER | |
|---|---|
| fixed length control field | 01727nam a22002897a 4500 |
| 007 - PHYSICAL DESCRIPTION FIXED FIELD--GENERAL INFORMATION | |
| fixed length control field | cr|||| |||| |
| 008 - FIXED-LENGTH DATA ELEMENTS--GENERAL INFORMATION | |
| fixed length control field | 120222s2011 co |||||s|||| 00||0 spa d |
| 020 ## - INTERNATIONAL STANDARD BOOK NUMBER | |
| International Standard Book Number | 978-958-648-751-1 |
| 035 ## - | |
| -- | 6252 |
| 040 ## - CATALOGING SOURCE | |
| Original cataloging agency | vLex |
| 090 ## - | |
| -- | 3014 |
| -- | 3014 |
| 100 1# - MAIN ENTRY--PERSONAL NAME | |
| Personal name | Cepeda Ulloa, Fernando |
| 245 10 - TITLE STATEMENT | |
| Title | Narcotráfico, financiación política y corrupción |
| Medium | [Recurso electrónico] / |
| Statement of responsibility, etc | Fernando Cepeda Ulloa |
| 256 ## - | |
| -- | Servicio en línea |
| 260 ## - PUBLICATION, DISTRIBUTION, ETC. (IMPRINT) | |
| Place of publication, distribution, etc | Bogotá: |
| Name of publisher, distributor, etc | Ecoe ediciones, |
| Date of publication, distribution, etc | 2011 |
| 300 ## - PHYSICAL DESCRIPTION | |
| Extent | 1 recurso electrónico |
| 490 0# - SERIES STATEMENT | |
| Series statement | Ciencias humanas. Política |
| 500 ## - GENERAL NOTE | |
| General note | La corrupción como problema global. El contexto de la corrupción: un problema de gobernabilidad. El impacto corruptor del problema global de las drogas ilícitas en vida política e institucional. La Contaduría y la Auditoría: herramientas anticorrupción. La corrupción en el sector de la Salud. El debate internacional sobre la financiación de partidos y campañas políticas. las contribuciones políticas extranjeras en tiempos de la globalización. Enredo jurídico de la financiación de la campaña presidencial de 1994. |
| 504 ## - BIBLIOGRAPHY, ETC. NOTE | |
| Bibliography, etc | Incluye bibliografía |
| 506 1# - RESTRICTIONS ON ACCESS NOTE | |
| Terms governing access | Contenido solo disponible en los productos indicados |
| Authorized users | vLex Global |
| -- | vLex Global (Academic Edition, excluding Law Schools) |
| -- | vLex Global (U.S. Academic Edition, Law Schools) |
| -- | vLex Global (U.S. Academic Edition, excluding Law Schools) |
| -- | vLex Global (Academic Edition, Law Schools) |
| 650 04 - SUBJECT ADDED ENTRY--TOPICAL TERM | |
| Topical term or geographic name as entry element | Drogas |
| General subdivision | Tráfico |
| Geographic subdivision | Colombia |
| 650 04 - SUBJECT ADDED ENTRY--TOPICAL TERM | |
| Topical term or geographic name as entry element | Corrupción |
| Geographic subdivision | Colombia |
| 740 0# - | |
| -- | vLex Libros (Servicio en línea) |
| 856 40 - LOCALIZACIÓN Y ACCESO ELECTRÓNICO | |
| Identificador Uniforme del Recurso (URI/URL) | https://app.vlex.com/#/sources/narcotrafico-financiacion-politica-corrupcion-6252 |
| 942 ## - | |
| -- | RAA |
| 999 ## - | |
| -- | 161427 |
| -- | 161427 |
No hay ítems disponibles.